| 000 | 01615nam a2200289Ia 4500 | ||
|---|---|---|---|
| 999 |
_c49167 _d49167 |
||
| 001 | 16078 | ||
| 003 | GE_BSU | ||
| 005 | 20241205174656.0 | ||
| 008 | 181216s2004||||ge |||||||||||||| ||geo|| | ||
| 020 | _aISBN 99928-0-854-3 | ||
| 040 | _cGE_BSU | ||
| 041 | _ageo | ||
| 080 | _a581.526.42(479.22) + 630(479.22) + 630.187(479.22) ქ-45 | ||
| 100 |
_aქვაჩაკიძე, რევაზ _923865 |
||
| 245 |
_aსაქართველოს ძირეული ტყეები _bანთროპოგენური სუქცესიები, აღდგენა, რეკონსტრუქცია / _cრევაზ ქვაჩაკიძე, კახა იაშაღაშვილი, ნიკოლოზ ლაჩაშვილი ; [რედ. : ალექსანდრე ციცვიძე]. |
||
| 264 |
_aთბილისი : _bმეცნიერება, _c2004. |
||
| 300 |
_a101გვ. ; _c20 სმ. |
||
| 504 | _aბიბლიოგრ. : გვ. 95-99 | ||
| 520 | _aრეზიუმე რუსულ და ინგლისურ ენებზე | ||
| 653 | _aსაქართველოს ტყეები | ||
| 653 | _aტყეების აღდგენა | ||
| 653 | _aტყის ტიპები | ||
| 700 |
_aიაშაღაშვილი, კახა _eავტორი _923872 |
||
| 700 |
_aლაჩაშვილი, ნიკოლოზ _eავტორი _923873 |
||
| 700 |
_aციცვიძე, ალექსანდრე _eრედაქტორი _98293 |
||
| 942 |
_cBK _2udc |
||